Catalog

Record Details

Catalog Search



The Mechanization of Natural Philosophy Cover Image E-book E-book

The Mechanization of Natural Philosophy [electronic resource] / by Sophie Roux ; edited by DAN GARBER.

Roux, Sophie. (author.). GARBER, DAN. (editor.). SpringerLink (Online service) (Added Author).

Record details

  • ISBN: 9789400743458
  • Physical Description: XVIII, 338 p. 9 illus. online resource.
  • Publisher: Dordrecht : Springer Netherlands : 2013.
Subject: Philosophy (General).
Biology > Philosophy.
Philosophy of nature.
Science > Philosophy.
Philosophy.
Philosophy of Science.
Philosophy of Biology.
History of Philosophy.
Philosophy of Nature.

Electronic resources


LDR 01698nam a22004455i 4500
00127146
003CONS
00520130726230705.0
007cr nn 008mamaa
008120928s2013 ne | s |||| 0|eng d
020 . ‡a9789400743458 ‡9978-94-007-4345-8
0247 . ‡a10.1007/978-94-007-4345-8 ‡2doi
035 . ‡a(DE-He213)978-94-007-4345-8
050 4. ‡aB67
072 7. ‡aPDA ‡2bicssc
072 7. ‡aSCI075000 ‡2bisacsh
1001 . ‡aRoux, Sophie. ‡eauthor.
24514. ‡aThe Mechanization of Natural Philosophy ‡h[electronic resource] / ‡cby Sophie Roux ; edited by DAN GARBER.
264 1. ‡aDordrecht : ‡bSpringer Netherlands : ‡bImprint: Springer, ‡c2013.
300 . ‡aXVIII, 338 p. 9 illus. ‡bonline resource.
336 . ‡atext ‡btxt ‡2rdacontent
337 . ‡acomputer ‡bc ‡2rdamedia
338 . ‡aonline resource ‡bcr ‡2rdacarrier
347 . ‡atext file ‡bPDF ‡2rda
4901 . ‡aBoston Studies in the Philosophy and History of Science, ‡x0068-0346 ; ‡v282
650 0. ‡aPhilosophy (General).
650 0. ‡aBiology ‡xPhilosophy.
650 0. ‡aPhilosophy of nature.
650 0. ‡aScience ‡xPhilosophy.
65014. ‡aPhilosophy.
65024. ‡aPhilosophy of Science.
65024. ‡aPhilosophy of Biology.
65024. ‡aHistory of Philosophy.
65024. ‡aPhilosophy of Nature.
7001 . ‡aGARBER, DAN. ‡eeditor.
7102 . ‡aSpringerLink (Online service)
7730 . ‡tSpringer eBooks
77608. ‡iPrinted edition: ‡z9789400743441
830 0. ‡aBoston Studies in the Philosophy and History of Science, ‡x0068-0346 ; ‡v282
85640. ‡uhttp://biblioteca.ipicyt.edu.mx:2048/login?url=http://dx.doi.org/10.1007/978-94-007-4345-8 ‡yTexto completo ‡9CONS
950 . ‡aHumanities, Social Sciences and Law (Springer-11648)
901 . ‡a27146 ‡b ‡c27146 ‡tbiblio ‡sSystem Local

Additional Resources